书目信息 |
| 题名: |
文书档案管理学基础
|
|
| 作者: | 郑崇田 著 | |
| 分册: | ||
| 出版信息: | 长春 吉林大学出版社 1985 |
|
| 页数: | 312页 | |
| 开本: | 19cm | |
| 丛书名: | ||
| 单 册: | ||
| 中图分类: | G275.2 | |
| 科图分类: | ||
| 主题词: | 文书档案-档案管理 , 档案管理-文书档案 | |
| 电子资源: | ||
| ISBN: | ||
| 000 | 00644nam0 2200241 45 | |
| 001 | 0185003154 | |
| 005 | 20060809095316.65 | |
| 010 | @dCNY1.90 | |
| 091 | @aCN@b7323.5 | |
| 100 | @a19900816d1985 em y0chiy0121 ea | |
| 101 | 0 | @achi |
| 102 | @aCN@b220000 | |
| 105 | @ay z 000yy | |
| 200 | 10 | @a文书档案管理学基础@Awen shu dang an guan li xue ji chu@f郑崇田著 |
| 210 | @a长春@c吉林大学出版社@d1985 | |
| 215 | @a312页@d19cm | |
| 606 | @a文书档案-档案管理 | |
| 606 | @a档案管理-文书档案 | |
| 690 | @aG275.2@v3 | |
| 701 | 0 | @a郑崇田@Azheng chong tian@4著 |
| 801 | 2 | @aCN@bNLC@c20060809 |
| 801 | 0 | @aCN@bTSSF |
| 905 | @a10447@dG275.2@e37 | |
| 文书档案管理学基础/郑崇田著.-长春:吉林大学出版社,1985 |
| 312页;19cm |
| ISBN :CNY1.90 |
| ● |
| 相关链接 |
|
|
|
|
正题名:文书档案管理学基础
索取号:G275.2/37
 
预约/预借
| 序号 | 登录号 | 条形码 | 馆藏地/架位号 | 状态 | 备注 |
| 1 | 0448107 | 204481079 | 密集书库/ [索取号:G275.2/37] | 在馆 | |
| 2 | 0448108 | 204481088 | 密集书库/ [索取号:G275.2/37] | 在馆 | |
| 3 | 0449961 | 204499612 | 密集书库/ [索取号:G275.2/37] | 在馆 |